| 000 | 00645nab a2200193 4500 | ||
|---|---|---|---|
| 001 | 244442 | ||
| 003 | OSt | ||
| 005 | 20251015090944.0 | ||
| 007 | tu | ||
| 008 | 200917s2020||||||| | ||
| 040 |
_aDE-2950 _cDE-2950 |
||
| 245 | 0 | 0 |
_aArbeiten laufen erneut an _bHauptfriedhof. Nach dem Brand an der Trauerhalle wird die Sanierung fortgesetzt. Bis Jahresende soll sie für Trauerfeiern wieder zur Verfügung stehen/ _cThomas Meiler |
| 264 | _c2025 | ||
| 653 | _aFrankfurt (Oder) | ||
| 653 | _aHauptfriedhof | ||
| 653 | _aTrauerhalle | ||
| 773 | 0 |
_g36. Jahrgang (2025) Nr. 237 vom 11.10.2025, S. 15 mit Foto _tMärkische Oderzeitung |
|
| 942 |
_2z _cA |
||
| 999 |
_c374065 _d374065 |
||